[Event "56.SMM SG Kaltern/Tramin-Gröden 1"]
[Site "?"]
[Date "2025.01.25"]
[Round "6.1"]
[White "Casadio, Niccolò"]
[Black "Panjkovic, Aleksandar"]
[Result "1-0"]
[WhiteElo "2229"]
[BlackElo "2054"]
[PlyCount "97"]
[EventDate "2025.??.??"]

1. e4 d6 2. d4 Nf6 3. Nc3 c6 4. Nf3 Bg4 5. h3 Bxf3 6. Qxf3 Nbd7 7. Be3 b5 8. a4 b4 9. Na2 Qa5 10. Nc1 e5 11. Nb3 Qc7 12. Bd3 Be7 13. O-O O-O 14. Rfe1 c5 15. dxc5 dxc5 16. Nd2 Ne8 17. Red1 Nd6 18. b3 a5 19. Qe2 Nb6 20. Bc4 Nbxc4 21. Nxc4 Nxe4 22. Bd2 f5 23. f3 Ng3 24. Qxe5 Qxe5 25. Nxe5 Ne2+ 26. Kf1 Bf6 27. Kxe2 Bxe5 28. Rab1 Bd4 29. Bf4 h6 30. Kd3 g5 31. Bh2 Rfe8 32. Re1 f4 33. Kc4 Bf2 34. Rxe8+ Rxe8 35. Bg1 Re2 36. Bxf2 Rxc2+ 37. Kb5 Rxf2 38. Kxa5 Rxg2 39. Kb6 h5 40. a5 g4 41. hxg4 hxg4 42. fxg4 f3 43. a6 Ra2 44. a7 f2 45. Kb7 c4 46. bxc4 b3 47. c5 b2 48. c6 Ra1 49. a8=Q+ 1-0

[Event "56.SMM SG Kaltern/Tramin-Gröden 1"]
[Site "?"]
[Date "2025.01.25"]
[Round "6.2"]
[White "Zucchelli, Massimo"]
[Black "Moroder, Stefan"]
[Result "1/2-1/2"]
[WhiteElo "2092"]
[BlackElo "2173"]
[PlyCount "44"]
[EventDate "2025.01.25"]

{[%evp 0,44,19,31,14,-14,43,38,37,33,33,33,38,27,67,42,79,8,15,2,9,13,29,18,22,20,24,3,26,3,35,36,41,22,28,33,22,1,12,21,40,5,-27,-62,-17,-139,-75]} 1. d4 Nf6 2. c4 g6 3. Nc3 Bg7 4. e4 d6 5. Be2 O-O 6. Bg5 Na6 7. Qd2 Qe8 8. f3 e5 9. d5 Nh5 10. Bd1 f5 11. Nge2 Bd7 12. O-O f4 13. g4 Bf6 14. Bh6 Bg7 15. Bxg7 Nxg7 16. Nc1 h5 17. h3 Kf7 18. Rf2 Rh8 19. Rh2 Rh7 20. Nd3 Qe7 21. Nf2 Rah8 22. Kg2 c5 1/2-1/2

[Event "56.SMM SG Kaltern/Tramin-Gröden 1"]
[Site "?"]
[Date "2025.01.25"]
[Round "6.3"]
[White "Demetz, Rainer"]
[Black "Maier, Fridolin"]
[Result "1-0"]
[WhiteElo "2199"]
[BlackElo "1909"]
[PlyCount "55"]
[SourceVersionDate "2025.01.26"]

1. d4 Nf6 2. c4 c5 3. Nf3 Nc6 4. d5 Nb4 5. Nc3 d6 6. e4 g6 7. a3 Na6 8. Bd3 Bg7 9. O-O O-O 10. Rb1 Ng4 11. Bd2 h5 12. Qe2 Nc7 13. h3 Ne5 14. Nxe5 Bxe5 15. f4 Bd4+ 16. Kh2 e5 17. f5 gxf5 18. exf5 f6 19. Qxh5 Ne8 20. Qg6+ Ng7 21. Bh6 Rf7 22. Ne4 Qe7 23. Bxg7 Rxg7 24. Nxf6+ Kf8 25. Qh6 Be3 26. Nh7+ Ke8 27. Qxe3 Rxh7 28. f6 1-0

[Event "56.SMM SG Kaltern/Tramin-Gröden 1"]
[Site "?"]
[Date "2025.01.25"]
[Round "6.4"]
[White "Dibiasi, Rainer"]
[Black "Bernardi, Ruben"]
[Result "1/2-1/2"]
[WhiteElo "1878"]
[BlackElo "2070"]
[PlyCount "106"]
[SourceVersionDate "2025.01.26"]

1. e4 e6 2. d4 d5 3. exd5 exd5 4. Bd3 Nc6 5. c3 Bd6 6. Ne2 Nf6 7. Ng3 O-O 8. O-O Re8 9. Bg5 h6 10. Bxf6 Qxf6 11. Nd2 g6 12. Nb3 b6 13. Bb5 Bd7 14. Qd3 Re7 15. Rae1 Rae8 16. Rxe7 Rxe7 17. f4 Nb8 18. Bxd7 Nxd7 19. Qf3 Qe6 20. Kh1 f5 21. Nc1 Nf6 22. Nd3 Ne4 23. Re1 Qf6 24. Ne5 Qh4 25. Kg1 Kh7 26. Re2 c5 27. Nxe4 dxe4 28. Qe3 Qf6 29. g3 Qe6 30. b3 Rc7 31. Kg2 cxd4 32. cxd4 Bb4 33. Qf2 Qd5 34. g4 e3+ 35. Qf3 Qxd4 36. gxf5 gxf5 37. Kh3 Rg7 38. Nc6 Qd6 39. Nxb4 Qxb4 40. Qxe3 Qd6 41. Rg2 Re7 42. Qg3 Qe6 43. Kh4 Qf6+ 44. Kh5 Qf7+ 45. Qg6+ Qxg6+ 46. Rxg6 Re2 47. Rxh6+ Kg7 48. Rc6 Rxh2+ 49. Kg5 Rxa2 50. Rc7+ Kf8 51. Kxf5 Rb2 52. Rxa7 Rxb3 53. Rb7 b5 1/2-1/2

[Event "56.SMM SG Kaltern/Tramin-Gröden 1"]
[Site "?"]
[Date "2025.01.25"]
[Round "6.5"]
[White "Moroder, Thomas"]
[Black "Florian, Andreas"]
[Result "1-0"]
[WhiteElo "2029"]
[BlackElo "1714"]
[PlyCount "51"]
[SourceVersionDate "2025.01.26"]

1. e4 e6 2. d4 d5 3. e5 c5 4. c3 Nc6 5. Nf3 Qb6 6. a3 Nh6 7. Bd3 cxd4 8. cxd4 Nf5 9. Bxf5 exf5 10. Nc3 Be6 11. b4 Rc8 12. Qd3 Nxb4 13. axb4 Qxb4 14. Bd2 Qb2 15. Rb1 Qa3 16. Rxb7 a6 17. Ke2 Bb4 18. Nb1 Qxd3+ 19. Kxd3 Bxd2 20. Kxd2 Ra8 21. Nc3 O-O 22. Ra1 Rfc8 23. Ra5 Rc4 24. Nxd5 Bxd5 25. Rxd5 a5 26. Rxa5 1-0

[Event "56.SMM SG Kaltern/Tramin-Gröden 1"]
[Site "?"]
[Date "2025.01.25"]
[Round "6.6"]
[White "Thaler, Elmar"]
[Black "Grossi, Christian"]
[Result "0-1"]
[WhiteElo "1869"]
[BlackElo "1961"]
[PlyCount "70"]
[EventDate "2025.01.25"]

{[%evp 0,70,41,28,66,61,30,37,37,37,50,50,50,33,65,61,56,53,61,58,62,58,83,93,171,163,163,154,138,37,32,12,8,29,21,24,43,24,33,16,26,10,33,10,14,14,21,6,18,2,35,-35,-29,-41,-49,-108,-133,-170,-176,-173,-169,-170,-181,-174,-164,-173,-161,-661,-662,-680,-832,-875,-868]} 1. d4 g6 2. c4 Bg7 3. Nc3 d6 4. Nf3 Nf6 5. e4 O-O 6. Be2 Nc6 7. d5 Nb8 8. O-O Nbd7 9. Be3 Nc5 10. Nd2 c6 11. Rc1 e6 12. e5 Ne8 13. dxc6 Bxe5 14. cxb7 Bxb7 15. Bf3 Rb8 16. Bxb7 Rxb7 17. Nf3 Bf6 18. Qe2 Qa5 19. a3 Na4 20. Nxa4 Qxa4 21. Bd4 Bxd4 22. Nxd4 Nc7 23. Qc2 Qa6 24. Rfd1 Rfb8 25. Rb1 e5 26. Ne2 Ne6 27. Qd2 Qxc4 28. Nc3 Nd4 29. h3 Kg7 30. Kh1 Rb3 31. Ne4 Qe6 32. f4 Qd5 33. Nxd6 Rxh3+ 34. Kg1 Nf3+ 35. gxf3 Qxf3 0-1

[Event "56.SMM CSK Merania1- Groeden 2"]
[Site "?"]
[Date "2025.01.25"]
[Round "6.1"]
[White "Luciani, Valerio"]
[Black "De Santis, Alessio"]
[Result "1-0"]
[WhiteElo "2157"]
[BlackElo "2120"]
[PlyCount "135"]
[EventDate "2025.??.??"]
[SourceVersionDate "2024.11.03"]

{[%evp 0,89,19,31,14,-14,-11,4,33,-8,-4,-3,-4,-16,32,34,57,26,20,5,84,40,43,4,-5,-16,-24,-12,-12,-15,-15,-22,-8,-10,-16,-26,-37,-42,-30,-23,-55,-56,-44,-52,0,-52,15,-1,-1,-22,61,43,37,37,37,37,28,14,25,-5,75,70,72,75,83,84,94,74,169,58,98,105,121,119,118,113,113,117,117,129,129,126,126,102,102,110,178,103,170,158,158,144]} 1. d4 Nf6 2. c4 e6 3. Nc3 Bb4 4. a3 Bxc3+ 5. bxc3 b6 6. f3 Ba6 7. e4 Nc6 8. Bd3 Na5 9. Qe2 Qc8 10. e5 Ng8 11. f4 c5 12. Be3 cxd4 13. cxd4 Bxc4 14. Rc1 b5 15. Nf3 Ne7 16. O-O Qb7 17. Bd2 Bxd3 18. Qxd3 Nc4 19. Bb4 Nd5 20. Ng5 Nxb4 21. axb4 Qd5 22. Kh1 f5 23. exf6 gxf6 24. Ne4 Ke7 25. Nc3 Qf5 26. Qxf5 exf5 27. Rfe1+ Kf7 28. Nxb5 Rab8 29. Nc7 Rxb4 30. Nd5 Ra4 31. Re7+ Kg6 32. Rxd7 Nb6 33. Ne7+ Kh5 34. Rdc7 Rxd4 35. Nxf5 Rxf4 36. h3 Kg5 37. g4 Rf3 38. Kg2 Rd3 39. Rg7+ Kf4 40. Rf1+ Ke5 41. Re7+ Kd5 42. Rxa7 h5 43. Ne7+ Kc4 44. Rc7+ Kd4 45. Rxf6 hxg4 46. hxg4 Rb3 47. Rcc6 Rb2+ 48. Kg3 Rb3+ 49. Kf4 Nc4 50. Rce6 Rb7 51. Re4+ Kd3 52. Nc6 Rc7 53. Ne5+ Nxe5 54. Rxe5 Rc4+ 55. Kf5 Rg8 56. g5 Rd4 57. g6 Rd7 58. Kg5 Kd4 59. Ref5 Ke4 60. Rf4+ Ke5 61. R6f5+ Ke6 62. Re4+ Kd6 63. Rd4+ Kc7 64. Rxd7+ Kxd7 65. Re5 Re8 66. Rxe8 Kxe8 67. Kh6 Kf8 68. Kh7 1-0

[Event "56.SMM CSK Merania1- Groeden 2"]
[Site "?"]
[Date "2025.01.25"]
[Round "6.2"]
[White "Bonagura, Stefano"]
[Black "Casadio, Lorenzo"]
[Result "1-0"]
[WhiteElo "2173"]
[BlackElo "1908"]
[PlyCount "50"]
[EventDate "2025.??.??"]
[SourceVersionDate "2024.11.03"]

{[%evp 0,50,18,30,22,27,27,19,14,11,23,18,17,19,9,20,6,-10,-5,-1,-6,-14,13,0,28,-8,14,2,51,-30,227,284,406,139,206,236,225,273,335,386,494,494,407,454,454,373,386,358,492,455,726,706,721]} 1. d4 Nf6 2. Nf3 e6 3. e3 d5 4. Bd3 Be7 5. O-O O-O 6. b3 b6 7. Bb2 Bb7 8. Ne5 Nbd7 9. Nd2 c5 10. Qf3 Qc7 11. Qh3 g6 12. Rad1 Rad8 13. f4 Ne4 14. Ndf3 Rfe8 15. Nxf7 Rc8 16. Qxe6 Bf6 17. Nh6+ Kg7 18. Qh3 c4 19. Bxe4 dxe4 20. Ne5 c3 21. Ba3 Rcd8 22. Nhf7 Nxe5 23. fxe5 Be7 24. Nxd8 Rxd8 25. Bxe7 Qxe7 1-0

[Event "56.SMM CSK Merania1- Groeden 2"]
[Site "?"]
[Date "2025.01.25"]
[Round "6.3"]
[White "Alam, Syed Mahbubul"]
[Black "Lami, Damiano"]
[Result "0-1"]
[WhiteElo "1955"]
[BlackElo "2064"]
[PlyCount "87"]
[EventDate "2025.??.??"]
[SourceVersionDate "2024.11.03"]

{[%evp 0,87,20,28,27,6,20,0,6,9,23,-20,-4,-38,-39,-48,-37,-50,-49,-47,-27,-45,-45,-52,-50,-67,-61,-56,-35,-25,-14,-29,-50,-33,-25,-64,-59,-73,-91,-91,-52,-198,-48,-54,-54,-61,-61,-63,-59,-61,-61,-111,-83,-78,-66,-138,-142,-153,-127,-133,-145,-146,-164,-172,-92,-36,-72,-52,-48,-53,-51,-61,-67,-87,-82,-99,-116,-243,-251,-324,-458,-548,-695,-718,-709,-768,-825,-825,-825,-825]} 1. e4 e5 2. Bc4 Nf6 3. d3 c6 4. Nf3 d5 5. exd5 cxd5 6. Bb5+ Bd7 7. Bxd7+ Nbxd7 8. O-O Bd6 9. Bg5 Qc7 10. Nbd2 O-O 11. Re1 Rfe8 12. Nf1 Rac8 13. c3 b5 14. Ng3 b4 15. Nf5 bxc3 16. bxc3 Ba3 17. c4 dxc4 18. dxc4 Qxc4 19. Bxf6 Nxf6 20. Nxe5 Qf4 21. Qf3 Qxf3 22. Nxf3 Rxe1+ 23. Nxe1 g6 24. Ne3 Ne4 25. N1c2 Bc5 26. Kf1 Bb6 27. Ke2 Nxf2 28. a4 Ng4 29. a5 Bxe3 30. Nxe3 Re8 31. Ra3 Rxe3+ 32. Rxe3 Nxe3 33. Kxe3 Kf8 34. Kd4 Ke7 35. Kc5 Kd7 36. Kb5 Kc7 37. Kc5 f5 38. Kd5 Kb7 39. h4 Ka6 40. Ke5 Kxa5 41. Kf6 Kb6 42. Kg7 a5 43. Kxh7 a4 44. Kxg6 0-1

[Event "56.SMM CSK Merania1- Groeden 2"]
[Site "?"]
[Date "2025.01.25"]
[Round "6.4"]
[White "Wieser, Josef"]
[Black "Kasslatter, Matthias"]
[Result "0-1"]
[WhiteElo "1887"]
[BlackElo "1767"]
[PlyCount "116"]
[EventDate "2025.??.??"]
[SourceVersionDate "2024.11.03"]

{[%evp 0,116,36,28,28,19,13,10,11,7,7,0,-6,6,12,5,23,22,21,23,20,-29,-30,-30,-5,-7,-6,-4,-7,-1,5,6,4,-10,116,21,49,-27,-15,-91,-71,-199,-31,-372,-406,-390,-399,-403,-391,-427,-434,-494,-484,-529,-361,-395,-333,-320,-296,-281,-275,-296,-287,-299,-241,-269,-247,-269,-227,-234,-234,-691,-650,-651,-700,-832,-698,-767,-701,-762,-758,-908,-495,-436,-461,-465,-542,-571,-406,-334,-556,-546,-449,-449,-449,-505,-536,-537,-540,-562,-437,-534,-542,-679,-717,-752,-771,-975,-1103,-1370,-1161,-1206,-1635,-1454,-1952,-1952,-1779,-1779,-1944]} 1. e4 e5 2. Nf3 Nc6 3. Bc4 Bc5 4. d3 d6 5. Bg5 Nf6 6. Nc3 Be6 7. Nd5 Bxd5 8. Bxd5 O-O 9. c3 h6 10. Bh4 g5 11. Bxc6 bxc6 12. Bg3 Rb8 13. b4 Bb6 14. h4 g4 15. Nh2 h5 16. f3 Qe7 17. Qd2 Qe6 18. Qh6 a5 19. bxa5 Bxa5 20. O-O Bb6+ 21. Kh1 Nxe4 22. Qxf8+ Rxf8 23. fxe4 f5 24. exf5 Rxf5 25. Rfb1 Qd5 26. Rd1 Qf7 27. a4 Ba5 28. c4 Qe7 29. Nf1 Bb6 30. a5 Bd4 31. Ra2 Rf8 32. a6 Ra8 33. Nd2 d5 34. Rb1 Be3 35. Re1 Bf4 36. Bf2 g3 37. Be3 Qxh4+ 38. Kg1 Qh2+ 39. Kf1 Rf8 40. Bxf4 Rxf4+ 41. Ke2 Qxg2+ 42. Kd1 Rf8 43. Rxe5 Qh1+ 44. Kc2 g2 45. Rg5+ Kh7 46. a7 g1=Q 47. Rxg1 Qxg1 48. a8=Q Rxa8 49. Rxa8 dxc4 50. dxc4 h4 51. Rc8 Qg6+ 52. Kc3 Qg3+ 53. Kb4 h3 54. Re8 h2 55. Re7+ Kg8 56. Ne4 Qe1+ 57. Kc5 Qg1+ 58. Kxc6 h1=Q 0-1

[Event "56.SMM CSK Merania1- Groeden 2"]
[Site "?"]
[Date "2025.01.25"]
[Round "6.5"]
[White "Scola, Matteo"]
[Black "Zuev, Mikhail"]
[Result "1/2-1/2"]
[WhiteElo "1803"]
[BlackElo "1890"]
[PlyCount "161"]
[EventDate "2025.??.??"]
[SourceVersionDate "2024.11.03"]

{[%evp 0,161,27,20,68,68,74,50,36,37,36,31,31,20,20,8,19,22,15,26,27,18,23,31,34,35,27,22,20,22,32,28,65,39,44,48,47,18,75,37,34,0,37,59,63,57,62,51,44,36,13,22,20,-7,14,-6,1,-26,0,-29,0,3,1,-44,0,0,0,3,30,34,36,35,35,44,56,-49,-54,-51,-42,-42,-37,-40,-36,-43,-44,-30,-24,-25,-16,-16,-15,-29,-9,-28,-7,-7,-9,0,0,0,0,5,9,8,60,21,24,0,8,7,20,7,6,-1,8,20,8,10,29,15,16,0,3,0,0,-45,-41,-34,0,0,0,0,0,0,0,0,0,0,-1,0,-11,0,0,0,0,0,0,-122,-137,-130,-130,-127,-116,-116,-116,-192,-188,-187,-116,-115,0,0,0,0]} 1. e4 c6 2. d4 d5 3. Nd2 dxe4 4. Nxe4 Nf6 5. Nxf6+ exf6 6. Be3 Be6 7. c3 Bd6 8. Bd3 O-O 9. Qc2 h6 10. Ne2 Re8 11. O-O Nd7 12. Bf4 Nb6 13. Rfe1 Nd5 14. Bg3 Rc8 15. a3 c5 16. Bxd6 Qxd6 17. dxc5 Qxc5 18. Rad1 Re7 19. Nd4 Nf4 20. Bf5 Rce8 21. Bxe6 fxe6 22. Qe4 Nd5 23. g3 a6 24. Rd2 Nb6 25. Rde2 Nc4 26. b4 Qc8 27. a4 Nd6 28. Qd3 e5 29. Nb3 Qc4 30. Qxc4+ Nxc4 31. Rd1 Kf7 32. Nc5 Rc8 33. Re4 b6 34. Rxc4 bxc5 35. Rd6 Re6 36. Rd5 Rec6 37. b5 Ke6 38. Rd2 axb5 39. axb5 Rb6 40. Ra4 Rxb5 41. Ra6+ Kf5 42. Rd7 Rb1+ 43. Kg2 Kg6 44. Raa7 Rg8 45. Rdc7 Rbb8 46. Rxc5 Rbc8 47. Rac7 Rxc7 48. Rxc7 Kf5 49. Kf3 Ke6 50. Ke3 Kd6 51. Ra7 Rc8 52. Kd3 Rg8 53. Rf7 Ke6 54. Ra7 Kd6 55. Rf7 Ke6 56. Rb7 Kd5 57. c4+ Kc6 58. Rf7 Kd6 59. h4 h5 60. f3 Ke6 61. Rb7 g5 62. Rh7 g4 63. Ke3 gxf3 64. Kxf3 Rc8 65. Rxh5 Rxc4 66. Rh8 f5 67. Re8+ Kf6 68. Rf8+ Kg6 69. h5+ Kg5 70. h6 Rc3+ 71. Kf2 Rc7 72. Re8 e4 73. Re6 Rh7 74. Ke3 Rxh6 75. Re8 Rg6 76. Rf8 Kg4 77. Rf7 Rg5 78. Kf2 Rg6 79. Rf8 e3+ 80. Kxe3 Kxg3 81. Rxf5 1/2-1/2

[Event "56.SMM CSK Merania1- Groeden 2"]
[Site "?"]
[Date "2025.01.25"]
[Round "6.6"]
[White "Wieser, Christoph"]
[Black "Knottner, Klaus"]
[Result "1-0"]
[WhiteElo "1883"]
[BlackElo "1768"]
[PlyCount "26"]
[EventDate "2025.??.??"]
[SourceVersionDate "2024.11.03"]

{[%evp 0,26,27,20,20,20,7,-16,-22,-22,42,52,90,81,98,52,52,25,92,46,111,-186,-191,-213,-219,-206,29993,29994,29995]} 1. e4 e5 2. Nc3 Nc6 3. f4 exf4 4. Nf3 d6 5. d4 Nf6 6. Bxf4 Be7 7. Bd3 O-O 8. e5 Ne8 9. h4 d5 10. Bxh7+ Kxh7 11. Ng5+ Kg8 12. Qh5 Bxg5 13. hxg5 f5 1-0

[Event "56.SMM Klausen/Rk-Richter/Lask"]
[Site "?"]
[Date "2025.01.25"]
[Round "6.1"]
[White "De Eccher, Stefano"]
[Black "Schacher, Gerd"]
[Result "0-1"]
[WhiteElo "2165"]
[BlackElo "2248"]
[PlyCount "68"]
[EventDate "2024.11.09"]
[WhiteTeam "J. Richter/Lask BZ"]
[BlackTeam "Klausen/Raika Untereisacktal"]

{[%evp 0,68,26,26,103,-15,18,13,34,34,26,27,23,32,42,13,11,0,29,6,15,6,27,28,32,49,61,66,67,-81,-78,-67,-30,-54,-42,-114,-92,-88,-64,-93,-95,-100,-112,-125,-120,-162,-153,-134,-109,-113,-100,-114,-94,-186,-141,-157,-155,-259,-124,-231,-194,-111,-107,-240,-262,-564,-581,-600,-596,-1057,-633]} 1. e4 g6 2. g3 Bg7 3. d4 d6 4. Nc3 Nf6 5. Bg2 O-O 6. Nge2 Nbd7 7. O-O c5 8. h3 Rb8 9. a4 b6 10. Be3 Bb7 11. d5 a6 12. Qd2 b5 13. axb5 axb5 14. Rae1 b4 15. Nd1 b3 16. cxb3 Ba6 17. f4 Rxb3 18. Rf2 Qc7 19. g4 Rfb8 20. Nec3 Nb6 21. Qc2 Nc4 22. Bc1 Nd7 23. Rf3 Qa5 24. Bf1 Qb4 25. Kh1 Bd4 26. Bxc4 Qxc4 27. h4 Nf6 28. h5 Nxg4 29. hxg6 hxg6 30. Rg3 Nf6 31. e5 Nh5 32. Rxg6+ fxg6 33. Qxg6+ Ng7 34. Re2 Qd3 0-1

[Event "56.SMM Klausen/Rk-Richter/Lask"]
[Site "?"]
[Date "2025.01.25"]
[Round "6.2"]
[White "Seebacher, Michael"]
[Black "Moncher, Stefano"]
[Result "1-0"]
[WhiteElo "2116"]
[BlackElo "2162"]
[PlyCount "27"]
[EventDate "2024.11.09"]

{[%evp 0,27,26,15,40,21,44,24,20,-35,-40,-22,-1,-31,-19,-19,18,9,13,9,7,1,13,13,43,35,37,29,292,292]} 1. e4 e6 2. d4 d5 3. exd5 exd5 4. c4 Nf6 5. Nc3 Be7 6. a3 O-O 7. Nf3 Nbd7 8. Be2 dxc4 9. Bxc4 Nb6 10. Bd3 Be6 11. O-O Bc4 12. Bxc4 Nxc4 13. Re1 c6 14. Qe2 1-0

[Event "56.SMM Klausen/Rk-Richter/Lask"]
[Site "?"]
[Date "2025.01.25"]
[Round "6.3"]
[White "Bevilacqua, Maurizio"]
[Black "Bodrov, Timofey"]
[Result "1-0"]
[WhiteElo "2046"]
[BlackElo "2089"]
[PlyCount "87"]
[EventDate "2024.11.09"]

{[%evp 0,87,15,-16,-11,-12,-12,-51,-31,-29,-11,-11,2,0,3,-13,-9,-28,21,28,-3,15,3,10,52,41,73,86,104,87,83,113,114,111,137,105,146,119,119,122,148,132,139,130,117,102,110,55,0,0,0,-102,-39,-39,167,197,198,178,304,268,296,304,292,335,389,372,375,314,327,199,241,198,223,239,243,178,194,190,239,234,255,202,236,284,286,303,303,304,644,643]} 1. c4 Nf6 2. Nc3 e5 3. g3 Bb4 4. Bg2 O-O 5. Nf3 Re8 6. O-O Nc6 7. a3 Bxc3 8. dxc3 e4 9. Nd4 Ne5 10. b3 d5 11. cxd5 Nxd5 12. Bb2 e3 13. f3 c6 14. c4 Nf6 15. Qc2 Qb6 16. Rfd1 a5 17. Rac1 Qc7 18. Nf5 Bxf5 19. Qxf5 Re6 20. Qf4 Rae8 21. Bh3 R6e7 22. Bf5 Qb6 23. Rc3 Nh5 24. Qe4 g6 25. c5 Qa6 26. Rxe3 Ng7 27. Bh3 f5 28. Qc2 Nxf3+ 29. Rxf3 Qxe2 30. Qxe2 Rxe2 31. Bc3 Ne6 32. Bf1 Rc2 33. Bc4 Kf8 34. Re3 Ng5 35. Rdd3 Rc1+ 36. Kg2 Rc2+ 37. Kf1 Rxe3 38. Rxe3 Ne4 39. Bxa5 Rxh2 40. Bc7 Kg7 41. Be5+ Kh6 42. Be2 Rh1+ 43. Kg2 Rc1 44. Rxe4 1-0

[Event "56.SMM Klausen/Rk-Richter/Lask"]
[Site "?"]
[Date "2025.01.25"]
[Round "6.4"]
[White "Haller, Quentin"]
[Black "Unterweger, Jonas"]
[Result "1/2-1/2"]
[WhiteElo "2050"]
[BlackElo "1948"]
[PlyCount "82"]
[EventDate "2024.11.09"]

{[%evp 0,82,29,18,15,13,17,12,25,29,30,25,32,19,36,17,19,39,39,29,25,14,16,16,5,-4,-4,-8,15,-1,26,27,24,1,3,6,7,-4,-9,-9,-7,-1,-7,-11,42,47,44,22,42,42,79,49,54,67,63,60,66,46,59,57,52,57,44,43,45,41,41,46,46,49,49,49,41,34,42,42,57,57,61,27,61,71,66,66,66]} 1. e4 {[%emt 0:00:00]} e5 2. Nf3 Nc6 3. Bb5 a6 4. Bxc6 dxc6 5. Nc3 f6 6. d4 exd4 7. Qxd4 Qxd4 8. Nxd4 Bd7 9. Be3 O-O-O 10. O-O-O Bd6 11. Nb3 Ne7 12. Bc5 Be6 13. Bxd6 cxd6 14. Nd4 Bd7 15. Rhe1 Rhe8 16. Nce2 c5 17. Nb3 Kc7 18. Nf4 g5 19. Nh5 Rf8 20. f3 Ng6 21. Nd2 Rf7 22. Nc4 Be6 23. Ne3 Ne7 24. Ng3 f5 25. exf5 Nxf5 26. Nexf5 Bxf5 27. Rd5 Rdf8 28. Nxf5 Rxf5 29. Rxf5 Rxf5 30. Re7+ Kc6 31. Rxh7 g4 32. fxg4 Rf1+ 33. Kd2 Rf2+ 34. Kc3 Rxg2 35. Rh4 b5 36. b3 b4+ 37. Kb2 Kb5 38. h3 d5 39. Rh8 d4 40. Kc1 Rg1+ 41. Kb2 Rg2 1/2-1/2

[Event "56.SMM Klausen/Rk-Richter/Lask"]
[Site "?"]
[Date "2025.01.25"]
[Round "6.5"]
[White "Billio, Atto"]
[Black "Seebacher, Reinhard"]
[Result "1-0"]
[WhiteElo "2003"]
[BlackElo "1951"]
[PlyCount "69"]
[EventDate "2024.11.09"]

{[%evp 0,69,29,25,38,-21,-15,-10,10,6,30,9,23,0,23,-5,16,14,15,-13,29,30,38,27,18,36,79,80,82,63,76,70,111,99,97,95,116,115,141,133,132,119,163,221,238,210,335,159,162,156,265,265,490,356,584,605,542,416,575,575,575,586,586,594,599,321,590,350,29985,29986,29997,29998]} 1. Nf3 {[%emt 0:00:00]} Nf6 2. g3 d5 3. d4 e6 4. Bg2 Bd6 5. O-O O-O 6. c4 c6 7. Qc2 Nbd7 8. Nbd2 Re8 9. Rd1 Qe7 10. e4 Nxe4 11. Nxe4 dxe4 12. Qxe4 h6 13. Ne5 a5 14. h4 Nf6 15. Qe2 c5 16. Bf4 cxd4 17. Rxd4 Bc5 18. Rd2 Ra7 19. Rad1 Ra6 20. g4 Nh7 21. g5 hxg5 22. hxg5 Rd6 23. Qh5 Rxd2 24. Rxd2 Nf8 25. Rd3 Ng6 26. Rh3 Bxf2+ 27. Kxf2 Qc5+ 28. Kf1 Qd4 29. Nxg6 fxg6 30. Qh7+ Kf7 31. Rf3 Ke7 32. Qxg6 Bd7 33. Qd3 Qxb2 34. Qd6+ Kd8 35. Qc7+ 1-0

[Event "56.SMM Klausen/Rk-Richter/Lask"]
[Site "?"]
[Date "2025.01.25"]
[Round "6.6"]
[White "Senn, Stefan"]
[Black "Unterweger, Christian"]
[Result "0-1"]
[WhiteElo "1640"]
[BlackElo "1727"]
[PlyCount "90"]
[EventDate "2024.11.09"]

{[%evp 0,90,30,-12,-11,6,6,-2,6,6,34,14,17,15,18,-5,14,12,19,4,9,-13,-17,-2,1,2,-1,-12,-9,-16,-4,-46,-44,-77,-88,-94,-90,-97,-96,-98,-68,-72,-62,-52,-46,-66,1,1,22,13,38,0,20,39,36,10,76,207,224,254,233,-26,233,201,286,184,269,278,315,-22,-21,-17,-15,-120,-123,-131,-133,-139,-141,-142,-148,-192,-173,-174,-181,-218,-215,-218,-118,-29997,-190,-29995,-29996]} 1. c4 e6 2. Nf3 Nf6 3. Nc3 d5 4. d4 Be7 5. e3 O-O 6. cxd5 exd5 7. Be2 b6 8. O-O Bb7 9. Qc2 c5 10. Re1 Nc6 11. a3 a6 12. Bd2 Bd6 13. Rad1 Re8 14. g3 c4 15. h4 b5 16. Kg2 Bc8 17. Ng5 g6 18. Rh1 Bf5 19. Qc1 h5 20. Bf3 Bf8 21. Nxd5 Nxd5 22. e4 Nxd4 23. exf5 Nxf3 24. Nxf3 gxf5 25. Bh6 Re6 26. Bxf8 Kxf8 27. Rd4 Ra7 28. Rhd1 Rd7 29. Qd2 Red6 30. Kg1 f4 31. Ne5 fxg3 32. fxg3 Re7 33. Rxd5 Qb6+ 34. Kh2 Rxd5 35. Qxd5 Qf2+ 36. Kh3 Qf5+ 37. Kg2 Rxe5 38. Qd6+ Kg7 39. Qd4 Kg6 40. Qd6+ Re6 41. Qd2 Qe4+ 42. Kg1 Qg4 43. Qc2+ f5 44. Rd2 Qf3 45. Rf2 Re1+ 0-1

[Event "56.SMM ASD Arci BZ-Brixen/Milland"]
[Site "Bolzano, Italy"]
[Date "2025.01.25"]
[Round "6.2"]
[White "Olivetti, Davide"]
[Black "Sader, Michael"]
[Result "1/2-1/2"]
[WhiteElo "2158"]
[BlackElo "2054"]
[PlyCount "193"]
[EventDate "2025.??.??"]

{[%evp 0,193,30,28,75,44,41,49,49,27,37,-51,-35,-61,-26,-47,20,10,36,11,11,12,5,5,17,-13,4,-19,-10,-28,7,-37,-22,-48,-18,-28,-15,-25,-16,-41,4,-112,-54,-51,-40,-36,-40,-31,-26,-26,0,-16,-5,-12,-7,2,25,21,20,-8,-13,-2,-8,4,7,-5,40,0,26,29,88,30,43,21,91,13,23,19,19,7,26,26,35,28,28,23,23,66,31,61,91,125,169,169,173,179,192,190,237,56,78,64,63,41,116,11,133,0,0,-23,-23,-29,-12,-12,23,30,19,13,23,23,34,0,34,1,35,35,31,39,38,40,40,39,39,38,39,39,40,40,39,39,40,39,40,39,39,40,40,40,40,40,40,39,39,40,40,40,40,40,40,40,39,39,39,37,39,38,37,39,38,40,37,37,37,39,38,37,38,38,38,38,39,39,39,37,40,40,38,38,37,1,38,37,37,37,39,0]} 1. e4 c5 2. b3 Nf6 3. e5 Nd5 4. Bb2 Nc6 5. g3 d6 6. exd6 Qxd6 7. Bg2 e5 8. Na3 Be6 9. Nc4 Qc7 10. Nf3 f6 11. O-O Be7 12. Nh4 O-O-O 13. Ne3 g6 14. Qe2 Qd7 15. d3 Rhe8 16. a3 Nc7 17. Qf3 Bh3 18. Bxh3 Qxh3 19. Rfe1 Qd7 20. b4 Ne6 21. bxc5 Ned4 22. Qg2 Bxc5 23. Nf3 Kb8 24. Rab1 b6 25. Nxd4 Bxd4 26. Nc4 Qd5 27. a4 Kc7 28. Qxd5 Rxd5 29. Kg2 Bxb2 30. Rxb2 Na5 31. Ne3 Rd4 32. c4 Kc6 33. Nc2 Rdd8 34. Rb5 Kc7 35. Nb4 Re6 36. f4 Rde8 37. Na6+ Kc6 38. Nb4+ Kb7 39. Nd5 e4 40. Rxe4 Rxe4 41. dxe4 Rxe4 42. Nxf6 Rxc4 43. Nxh7 Rxa4 44. h4 Nc6 45. Nf8 Ra2+ 46. Kh3 a5 47. Nxg6 a4 48. Rb1 a3 49. f5 Rf2 50. Nf4 a2 51. Ra1 Ne5 52. h5 b5 53. h6 Nf7 54. h7 Ng5+ 55. Kg4 Nxh7 56. Nd5 b4 57. Nxb4 Nf6+ 58. Kh3 Rxf5 59. Rxa2 Ne4 60. Ra3 Nxg3 61. Kxg3 Rb5 62. Nd3 Kc6 63. Kf4 Rb1 64. Ke4 Rh1 65. Ne5+ Kc5 66. Rc3+ Kb4 67. Rc8 Rh4+ 68. Kd5 Rh5 69. Rc4+ Kb3 70. Re4 Kc3 71. Rg4 Kb3 72. Rg3+ Kb4 73. Rf3 Rg5 74. Rh3 Rf5 75. Ke4 Rf1 76. Kd4 Rd1+ 77. Nd3+ Kb5 78. Rh5+ Kc6 79. Rh2 Kb5 80. Rc2 Kb6 81. Rc3 Kb5 82. Kd5 Kb6 83. Rb3+ Kc7 84. Ke5 Kc6 85. Rc3+ Kb5 86. Nc5 Re1+ 87. Kd5 Rd1+ 88. Nd3 Kb6 89. Ra3 Rd2 90. Rb3+ Kc7 91. Ke6 Re2+ 92. Ne5 Re1 93. Rb2 Rd1 94. Nd7 Re1+ 95. Ne5 Rd1 96. Rc2+ Kb6 97. Rd2 1/2-1/2